00732nam a2200217 a 450000100060000000300080000600500170001400800410003103500190007203500190009104000440011004100080015408200200016210000220018224500950020426000510029930000320035050400290038265000580041170000450046945903BD-RjUL20211209054101.0160728s1963 njua b 000 0 eng  a(BD-RjUL)46021 a(OCoLC)2840961 aDLCcScUdScUdOCoLCdDLCdBD-RjULbeng aeng a613.7bPAP 19631 aPape, Laurence A.12aA professional career in physical education /c[by] Laurence A. Pape [and] Louis E. Means. aEnglewood Cliffs, N.J.,bPrentice-Hall,c1963. axii, 271 p.billus.c24 cm. aIncludes bibliographies. 0aPhysical education and trainingxVocational guidance.1 aMeans, Louis Edgar,d1902-ejoint author